[Event "SRI-ch Dini"]
[Site "Colombo"]
[Date "2024.07.31"]
[Round "4"]
[White "Fernando, JS Aloka"]
[Black "Sathsara, EP Daham"]
[Result "1-0"]
[WhiteElo "1781"]
[BlackElo "1669"]
[PlyCount "105"]
[EventDate "2024.07.29"]
[EventType "swiss"]
[EventRounds "10"]
[EventCountry "SRI"]
[SourceTitle "CBM 221 Extra"]
[Source "ChessBase"]
[SourceDate "2024.09.30"]
[SourceVersion "1"]
[SourceVersionDate "2024.09.30"]
[SourceQuality "1"]

1. d4 Nf6 2. c4 g6 3. Nc3 Bg7 4. e4 d6 5. Be2 0-0 6. Bg5 Nc6 7. d5 Ne5 8. Nf3 Nxf3+ 9. gxf3 e5 10. Qd2 Bh3 11. f4 Qd7 12. Bxf6 Bxf6 13. f5 Bh4 14. Qd3 Bxf5 15. exf5 Qxf5 16. Qxf5 gxf5 17. Kd2 Kg7 18. f3 f4 19. Rhg1+ Kh8 20. Rg4 Bf2 21. Bd3 Be3+ 22. Ke2 f5 23. Rg2 Rg8 24. Kf1 Raf8 25. a3 h5 26. h4 a6 27. Rb1 Bd4 28. Ne2 Be3 29. Rxg8+ Rxg8 30. Bxf5 a5 31. Bh3 Rg6 32. Bg2 Kg8 33. Nc3 Kf7 34. Ne4 Rg8 35. Ng5+ Kf6 36. Bh3 Rh8 37. Bd7 Rd8 38. Be6 Rb8 39. Bf7 b5 40. cxb5 Rxb5 41. Be8 Rxd5 42. Bxh5 Rb5 43. Bg4 a4 44. Ne4+ Ke7 45. Nc3 Rc5 46. Ke2 d5 47. Kd3 Ra5 48. h5 Kf7 49. h6 Ra8 50. Nxd5 Rd8 51. Ke4 Bd4 52. Nxc7 Rb8 53. h7 1-0

[Event "Negombo op 3rd"]
[Site "Negambo"]
[Date "2017.08.24"]
[Round "9"]
[White "Fernando, JS Aloka"]
[Black "Silva, Kevin Ranidu"]
[Result "1/2-1/2"]
[WhiteElo "1576"]
[BlackElo "1822"]
[PlyCount "87"]
[EventDate "2017.08.20"]
[EventType "swiss"]
[EventRounds "10"]
[EventCountry "SRI"]
[SourceTitle "CBM 180 Extra"]
[Source "ChessBase"]
[SourceDate "2017.10.06"]
[SourceVersion "1"]
[SourceVersionDate "2017.10.06"]
[SourceQuality "1"]

1. d4 d5 2. Nf3 Nf6 3. c4 e6 4. Nc3 c6 5. cxd5 exd5 6. Bg5 Bd6 7. e3 Bg4 8. Be2 Nbd7 9. 0-0 Qc7 10. h3 Bh5 11. Rc1 Qa5 12. Nd2 Bxe2 13. Qxe2 0-0 14. Bxf6 Nxf6 15. a3 Rae8 16. Qd3 g6 17. Rfe1 Kg7 18. Rc2 Re6 19. b4 Qd8 20. Na4 Qe7 21. Nc5 Bxc5 22. Rxc5 Nd7 23. Rc3 f5 24. Nb3 Re8 25. Rc2 Qg5 26. Rce2 Qh5 27. Nd2 Nf6 28. Nf3 Nd7 29. Nd2 Qh4 30. Nf3 Qe7 31. Kf1 h6 32. g3 Qf6 33. Kg2 Qe7 34. h4 Qf7 35. Rh1 Qf6 36. Ree1 Rf8 37. Qc2 Qe7 38. Qd3 Qd6 39. Qc2 a6 40. Qd3 Qe7 41. Qc2 Re4 42. Nd2 Re6 43. Nf3 Qd6 44. Qd3 1/2-1/2

[Event "Negombo op 3rd"]
[Site "Negambo"]
[Date "2017.08.22"]
[Round "5"]
[White "Fernando, JS Aloka"]
[Black "Pathirage, Yukitha Kenula Pere"]
[Result "1-0"]
[WhiteElo "1576"]
[BlackElo "1177"]
[PlyCount "47"]
[EventDate "2017.08.20"]
[EventType "swiss"]
[EventRounds "10"]
[EventCountry "SRI"]
[SourceTitle "CBM 180 Extra"]
[Source "ChessBase"]
[SourceDate "2017.10.06"]
[SourceVersion "1"]
[SourceVersionDate "2017.10.06"]
[SourceQuality "1"]

1. d4 Nf6 2. Bf4 g6 3. e3 Bg7 4. Nf3 d6 5. Be2 0-0 6. h3 Re8 7. 0-0 Ne4 8. Nbd2 Bf5 9. Bd3 Nxd2 10. Qxd2 Bxd3 11. Qxd3 Nd7 12. Qb3 Rb8 13. Rfd1 c5 14. c4 b6 15. Rac1 Qc7 16. a3 e5 17. Bg3 Bh6 18. dxe5 Nxe5 19. Rd5 Nxf3+ 20. gxf3 Red8 21. Rcd1 Re8 22. Qd3 Bf8 23. e4 f6 24. f4 1-0